000
00323nam a2200133Ia 4500
008
200103s9999||||xx |||||||||||||| ||und||
040
_a
IMU-MPC
082
_a
Column-64
100
_a
Blanchard, Kenneth
245
4
_a
The one minute manager meets the Monkey
260
_b
Rupa Company
_c
1990
300
_a
137
942
_c
BK
999
_c
11376
_d
11376